[Event "Reykjavik Open"]
[Site "Reykjavik ISL"]
[Date "2010.02.26"]
[Round "3"]
[White "Ocantos,M"]
[Black "Thorfinnsson,Br"]
[Result "0-1"]
[WhiteElo "2158"]
[BlackElo "2398"]

1.e4 c5 2.Nf3 e6 3.d4 cxd4 4.Nxd4 a6 5.Bd3 Bc5 6.Nb3 Be7 7.O-O Nc6 8.f4 d6
9.c4 Bf6 10.Kh1 Nge7 11.c5 e5 12.cxd6 Qxd6 13.f5 O-O 14.Nc3 Rd8 15.Be2 Qc7
16.Qe1 Nd4 17.Qf2 b5 18.g4 h6 19.h4 Nxe2 20.Nxe2 Qc2 21.g5 Qxe4+ 22.Kh2 hxg5
23.hxg5 Bxg5 24.Bxg5 f6 25.Ng3 Qg4 26.Be3 Kf7 27.Qf3 Qxf3 28.Rxf3 Bb7 29.Kg2 Rac8
30.Rc1 Rxc1 31.Nxc1 Rc8 32.Bf2 Rxc1  0-1

[Event "Reykjavik Open"]
[Site "Reykjavik ISL"]
[Date "2010.02.27"]
[Round "5"]
[White "Unnarsson,S"]
[Black "Johannsdottir,J"]
[Result "1-0"]
[WhiteElo "1958"]
[BlackElo "1705"]

1.e4 c5 2.Nf3 e6 3.d4 cxd4 4.Nxd4 a6 5.Bd3 Nf6 6.O-O d6 7.Qe2 Nbd7 8.c4 g6
9.Nc3 Bg7 10.Bg5 O-O 11.Kh1 b6 12.Rad1 Bb7 13.f4 Qc7 14.Nf3 Nh5 15.g4 Nhf6
16.h3 Rac8 17.Kh2 Nc5 18.Nd2 Nfd7 19.Bb1 Nb8 20.Bh4 Nc6 21.Nf3 f6 22.f5 Rce8
23.Bg3 Ne5 24.Nd4 exf5 25.gxf5 Kf7 26.b4 Ncd7 27.Ne6 Rxe6 28.fxe6+ Kxe6 29.Bd3 Rc8
30.Nd5 Qc6 31.Rc1 Nxd3 32.Qxd3 Ne5 33.Bxe5 dxe5 34.Qf3 Rf8 35.c5 bxc5 36.Qb3 Kd7
37.Rcd1 Ke8 38.Nb6 Rf7 39.Rd8+ Kxd8 40.Qxf7  1-0

[Event "IFPX Categoria A"]
[Site "Sao Paulo BRA"]
[Date "2010.02.28"]
[Round "7"]
[White "Tsuboi,E"]
[Black "Pimentel,L"]
[Result "1-0"]
[WhiteElo "2413"]
[BlackElo "1739"]

1.e4 c5 2.Nf3 e6 3.d4 cxd4 4.Nxd4 a6 5.Bd3 Nf6 6.O-O b5 7.Nd2 Bb7 8.a4 b4
9.e5 Nd5 10.Nc4 Qh4 11.Nf3 Qh5 12.Na5 Bc6 13.Re1 Bc5 14.Nxc6 Nxc6 15.Re4 f6
16.Rh4 Qf7 17.exf6 Nxf6 18.Qe2 a5 19.Be3 Bxe3 20.Qxe3 g6 21.Ng5 Qg7 22.Nxe6 dxe6
23.Qxe6+ Ne7 24.Rf4 Nh5 25.Bb5+  1-0

[Event "TCh-ISL 2009-10"]
[Site "Rekjavik ISL"]
[Date "2010.03.05"]
[Round "6"]
[White "Ulfarsson,M"]
[Black "Miezis,N"]
[Result "1/2-1/2"]
[WhiteElo "2380"]
[BlackElo "2558"]

1.e4 c5 2.Nf3 e6 3.d4 cxd4 4.Nxd4 a6 5.Bd3 Nc6 6.Nxc6 dxc6 7.O-O e5 8.Nd2 Nf6
9.Nc4 Nd7 10.a4 Be7 11.Qg4 O-O 12.Bh6 Bf6 13.Qg3 Kh8 14.Bd2 b5 15.axb5 cxb5
16.Nd6 Nc5 17.Nxb5 Nxd3 18.Qxd3 Be6 19.Nd6 Be7 20.Nf5 Bxf5 21.exf5 Qxd3 22.cxd3 Rfd8
23.Bc3 Rxd3 24.Bxe5 Rd5 25.Rfe1 f6 26.Bc3 Bf8 27.g4 h5 28.h3 hxg4 29.hxg4 a5
30.Ra4 Rb8 31.Bxa5 Rxa5 32.Rxa5 Bb4 33.Rea1 Bxa5 34.Rxa5 Rxb2 35.Kg2 Rb4
36.Kg3 Kh7 37.Ra7 Rb5 38.f3 Kg8 39.Rd7 Rb4 40.Rd5 Rb3 41.Kf4 Rb1 42.Ke3 Kh7
43.Rd7 Kg8 44.f4 Rg1 45.Kf3 Rf1+ 46.Kg3  1/2-1/2

[Event "TCh-ISL 2009-10"]
[Site "Rekjavik ISL"]
[Date "2010.03.06"]
[Round "7"]
[White "Bergsson,St"]
[Black "Jonsson,S"]
[Result "1-0"]
[WhiteElo "2070"]
[BlackElo "1889"]

1.e4 c5 2.Nf3 e6 3.d4 cxd4 4.Nxd4 a6 5.Bd3 Qc7 6.O-O Nc6 7.Nb3 Nf6 8.Nc3 d6
9.Qe2 Be7 10.f4 O-O 11.Bd2 b6 12.Rae1 e5 13.f5 Bb7 14.g4 Nd4 15.Qg2 Nxb3
16.axb3 d5 17.g5 Nxe4 18.Nxe4 dxe4 19.Bxe4 Bxe4 20.Qxe4 Rac8 21.f6 Bc5+ 22.Be3 Bxe3+
23.Rxe3 Qxc2 24.fxg7 Rfe8 25.Qd5 Qg6 26.Ref3 Rc7 27.Kh1 Qxg7 28.Rf6 e4 29.Rg1 e3
30.g6 Qxf6 31.gxf7+  1-0

[Event "FSGM March"]
[Site "Budapest HUN"]
[Date "2010.03.10"]
[Round "5"]
[White "Olape,B"]
[Black "Simantsev,M"]
[Result "0-1"]
[WhiteElo "2263"]
[BlackElo "2524"]

1.e4 c5 2.Nf3 e6 3.d4 cxd4 4.Nxd4 a6 5.Bd3 Nf6 6.O-O d6 7.Nc3 g6 8.Bg5 Bg7
9.Qe2 O-O 10.Rad1 Nbd7 11.Nf3 Qc7 12.Qd2 b5 13.a3 Bb7 14.Rfe1 Rac8 15.Bh6 Rfd8
16.Bxg7 Kxg7 17.h3 h6 18.Qe3 e5 19.Bf1 Nb6 20.Rd2 Nc4 21.Bxc4 bxc4 22.Red1 Ba8
23.g3 Rb8 24.Rb1 Rb6 25.Na4 Rb5 26.Nc3 Rb6 27.Na4 Rc6 28.Nc3 Rb8 29.Nh2 h5
30.Nf3 Rcb6 31.Rbd1 Rc6 32.Nh4 Nh7 33.Nd5 Qd7 34.Kh2 Rxb2 35.Qc3 Rb5 36.f4 Qe8
37.Nf3 f6 38.Nb4 Rcb6 39.fxe5 fxe5 40.Rxd6 Rxd6 41.Rxd6 Bxe4 42.Nd2 Ba8 43.Rxa6 Bb7
44.Ra7 Ng5 45.Qe3 Qd8 46.Nxc4 Qd1 47.Rxb7+ Rxb7 48.Nxe5 Re7 49.Qd3 Nf3+ 50.Qxf3 Qd2+
51.Qg2 Qxg2+ 52.Kxg2 Rxe5 53.h4 Re3 54.a4 Ra3 55.Nd5 Rxa4 56.Kf3 Rd4 57.Ne3 Kf6
58.Ng2 Kf5 59.Ne3+ Ke5 60.Ke2 Ke4 61.Nf1 Ra4 62.Nd2+ Kf5 63.Kf3 Ra3+ 64.Nb3 Ke5
65.Ke3 Ra2 66.Nd4 Ra3+ 67.Nb3 Ra2 68.Nd4 Ra1 69.Nc6+ Kf5 70.Kf3 Ra3+ 71.Kf2 Rc3
72.Ne7+ Kg4 73.Nxg6 Rxc2+ 74.Kf1 Kxg3  0-1

[Event "XIV Vasconcellos Mem"]
[Site "Brasilia BRA"]
[Date "2010.03.13"]
[Round "7"]
[White "Barbosa,E"]
[Black "Chauca,J"]
[Result "1/2-1/2"]
[WhiteElo "2365"]
[BlackElo "2063"]

1.e4 c5 2.Nf3 e6 3.d4 cxd4 4.Nxd4 a6 5.Bd3 Bc5 6.Nb3 Be7 7.O-O d6 8.c4 b6
9.Nc3 Nf6 10.f4 Nbd7 11.Qe2 e5 12.Kh1 O-O 13.Be3 exf4 14.Bxf4 Ne5 15.Rac1 Bg4
16.Qd2 Be6 17.Nd5 Nh5 18.Be3 Bxd5 19.exd5 g6 20.Be2 Ng7 21.Nd4 Rc8 22.Rc3 Qd7
23.Ra3 a5 24.Rb3 Bd8 25.Bh6 Nxc4 26.Bxc4 Rxc4 27.Rh3 f5 28.Bxg7 Qxg7 29.Ne6 Qf7
30.Qd3 Rb4 31.Nxf8 Kxf8 32.Qc2 Bf6 33.b3 h5 34.Rd3 Kg7 35.Rc1 Re4 36.Qc6 Qe7
37.Rdd1 Bb2 38.Rb1 Bd4 39.Qc2 Qe5 40.Qc7+ Kh6 41.Qd8 Qxd5 42.Qf8+ Kg5 43.Qd8+ Kh6
44.Qf8+ Kg5 45.Rd3 h4 46.Qd8+ Kh5 47.Rf1 Re2 48.Rdf3 Qe6 49.Rf4 Qf6 50.Qg8 Kh6
51.Qc4 Rd2 52.Qc1 Be3 53.R4f3 Qg5 54.Rg1 Bxg1 55.Qxg1 Rxa2 56.h3 b5 57.Rc3 Re2
58.Qf1 Qd2 59.Rc1 Rxg2 60.Rd1 Qe2  1/2-1/2

[Event "26th Budapest Spring Festival"]
[Site "Budapest HUN"]
[Date "2010.03.23"]
[Round "4"]
[White "Hitter,G"]
[Black "Toth,Li"]
[Result "1-0"]
[WhiteElo "2070"]
[BlackElo "2198"]

1.e4 c5 2.Nf3 e6 3.d4 cxd4 4.Nxd4 a6 5.Bd3 Bc5 6.Nb3 Be7 7.c4 d6 8.Nc3 Nd7
9.O-O Ngf6 10.Be3 Qc7 11.f4 b6 12.Rc1 Bb7 13.Qe2 Rc8 14.Nd2 O-O 15.g4 Nc5
16.Bb1 Qb8 17.g5 Ne8 18.f5 g6 19.Qg4 Nc7 20.f6 Bd8 21.h4 d5 22.b4 Nxe4 23.Ncxe4 dxe4
24.Nxe4 Na8 25.h5 Qe5 26.hxg6 fxg6 27.Rf2 Bc7 28.Bf4 Qf5 29.Qxf5 gxf5 30.Nd6 Bxd6
31.Bxd6 Rfd8 32.Be5 b5 33.c5 Nb6 34.Re1 Nc4 35.Bc3 Bd5 36.Bc2 Kf7 37.Rh2 Rh8
38.Kf2 a5 39.Bd1 axb4 40.Bh5+ Kf8 41.Bxb4 Ra8 42.c6+ Kg8 43.f7+ Kg7 44.Bc3+ e5
45.Rxe5 Rxa2+ 46.Re2+  1-0

[Event "26th Budapest Spring Festival"]
[Site "Budapest HUN"]
[Date "2010.03.24"]
[Round "5"]
[White "Kahn,E"]
[Black "Horvath,Je"]
[Result "1-0"]
[WhiteElo "2231"]
[BlackElo "2016"]

1.e4 c5 2.Nf3 e6 3.d4 cxd4 4.Nxd4 a6 5.Bd3 Qc7 6.O-O Nf6 7.Kh1 Bc5 8.Nb3 Be7
9.f4 d6 10.Nc3 d5 11.exd5 exd5 12.Qf3 Nc6 13.a3 Qd8 14.h3 d4 15.Ne2 Be6 16.Qf2 O-O
17.Nbxd4 Nxd4 18.Nxd4 Bd7 19.Nf3 Qc7 20.Ne5 Bd6 21.Bd2 Rae8 22.Rad1 Bc8 23.Bc3 b5
24.Qh4 h6 25.Qg3 Nh5 26.Qf3 Nf6 27.Rfe1 Bb7 28.Qg3 Nh5 29.Qh4 Nf6 30.Ng4 Nxg4
31.Qxg4 f5 32.Bxf5 Bxf4 33.Rxe8 Rxe8 34.Qg6  1-0

[Event "TCh-AUT 2009-10"]
[Site "Baden AUT"]
[Date "2010.03.27"]
[Round "8"]
[White "Luther,T"]
[Black "Lanka,Z"]
[Result "1-0"]
[WhiteElo "2577"]
[BlackElo "2506"]

1.e4 c5 2.Nf3 e6 3.d4 cxd4 4.Nxd4 a6 5.Bd3 Bc5 6.Nb3 Ba7 7.O-O Nc6 8.Qe2 d6
9.Be3 Nge7 10.Kh1 e5 11.f4 Bxe3 12.Qxe3 exf4 13.Qxf4 Be6 14.Nc3 O-O 15.Qg3 Ng6
16.Ne2 Nce5 17.Nbd4 Qh4 18.Nf5 Qxg3 19.Nexg3 b5 20.Be2 Rfd8 21.a4 Rac8 22.c3 Bc4
23.axb5 axb5 24.Rfd1 Ra8 25.Rxa8 Rxa8 26.Bxc4 bxc4 27.Nh5 Nd3 28.Kg1 Nge5
29.Nfxg7 Nxb2 30.Rb1 Na4 31.Ra1 Nd3 32.Nf5 Rb8 33.Nf6+ Kh8 34.Nd5 h5 35.h3 Nac5
36.Nxd6 Ne5 37.Rf1 Rd8 38.Nxf7+ Nxf7 39.Rxf7 Nxe4 40.Nf6 Ng5 41.Rc7 h4 42.Rxc4 Rd1+
43.Kh2 Kg7 44.Ne4 Ne6 45.Nc5 Ng5 46.Rxh4 Re1 47.Rg4 Kf6 48.h4 Nf7 49.Rf4+ Kg6
50.Ne4 Ne5 51.Ng5 Rc1 52.Nf3 Nd3 53.Rd4 Nb2 54.c4 Kf6 55.Nd2 Ke5 56.Re4+ Kf5
57.g4+ Kf6 58.Re2 Nd3 59.Ne4+ Kg7 60.c5 Ne5 61.g5 Kg6 62.Kg3 Rg1+ 63.Kf4 Nd3+
64.Ke3 Ne5 65.Kd4 Nf3+ 66.Kc3 Rc1+ 67.Rc2 Re1 68.Nd6 Ne5 69.Nc4 Nc6 70.Rd2 Kf5
71.Rd6 Ne7 72.Kd2 Rh1 73.Ne3+  1-0

[Event "TCh-NED 2009-10"]
[Site "Netherlands NED"]
[Date "2010.03.27"]
[Round "8"]
[White "Naiditsch,A"]
[Black "Chuchelov,V"]
[Result "1-0"]
[WhiteElo "2685"]
[BlackElo "2598"]

1.e4 c5 2.Nf3 e6 3.d4 cxd4 4.Nxd4 a6 5.Bd3 Nf6 6.O-O d6 7.c4 Bd7 8.Nc3 Nc6
9.Nxc6 Bxc6 10.b4 Be7 11.Bb2 O-O 12.Qd2 b6 13.Rad1 Qc7 14.f4 g6 15.Kh1 Rae8
16.Rc1 Bb7 17.Qe3 Qd8 18.Rfd1 Nd7 19.Qh3 Qc7 20.Be2 Nf6 21.Qh6 Rc8 22.Rf1 Rfe8
23.f5 e5 24.c5 dxc5 25.Bc4 Bf8 26.Qh4 cxb4 27.fxg6 Qxc4 28.Nd5 Bxd5 29.Rxc4 Bxc4
30.gxf7+ Bxf7 31.Qxf6 Bc4 32.Rf3 Bg7 33.Rg3 Rc7 34.Bxe5  1-0

[Event "TCh-NED 2009-10"]
[Site "Netherlands NED"]
[Date "2010.03.27"]
[Round "8"]
[White "Timmermans,I"]
[Black "Martens,M"]
[Result "0-1"]
[WhiteElo "2237"]
[BlackElo "2412"]

1.e4 c5 2.Nf3 e6 3.d4 cxd4 4.Nxd4 a6 5.Bd3 Nf6 6.O-O e5 7.Nf3 Nc6 8.Nc3 Bc5
9.Qe2 d6 10.Be3 Bxe3 11.Qxe3 O-O 12.Rad1 b5 13.Rd2 Be6 14.Kh1 Qc7 15.Ng5 h6
16.Nh3 b4 17.Ne2 d5 18.f4 dxe4 19.Bxe4 Nxe4 20.Qxe4 f6 21.Nhg1 Rfe8 22.fxe5 Nxe5
23.Nd4 Bf7 24.Qf4 Rad8 25.Ngf3 Qc4 26.Rfd1 Qxa2 27.b3 Qa5 28.h3 Nxf3 29.Nxf3 Rxd2
30.Rxd2 Qc5 31.Qd6 Qb5 32.Kh2 a5 33.Kg1 Qf5 34.Nd4 Qg5 35.Nf3 Qe3+ 36.Kh2 Rc8
37.Qa6 Qc5 38.Kh1 Re8 39.Qb7 Re7 40.Qa8+ Kh7 41.Qd8 Re8 42.Qd7 Bg6 43.Kh2 Re3
44.Rd5 Qxc2 45.Rxa5 Re2 46.Ra7 Rxg2+ 47.Kh1 Be4  0-1

[Event "TCh-AUT 2009-10"]
[Site "Baden AUT"]
[Date "2010.03.29"]
[Round "10"]
[White "Ertl,J"]
[Black "Lehner,O"]
[Result "1/2-1/2"]
[WhiteElo "2298"]
[BlackElo "2407"]

1.e4 c5 2.Nf3 e6 3.d4 cxd4 4.Nxd4 a6 5.Bd3 Nf6 6.O-O Qc7 7.Qe2 d6 8.f4 Nbd7
9.Nf3 h5 10.Nc3 b5 11.e5 dxe5 12.fxe5 Ng4 13.Bf4 Bb7 14.h3 Nh6 15.Ng5 O-O-O
16.a4 b4 17.Nce4 Nc5 18.Nxc5 Bxc5+ 19.Kh2 a5 20.Ne4 Nf5 21.c3 b3 22.Nd2 h4
23.Bxf5 exf5 24.Nxb3 Be7 25.e6 Bd6 26.Bxd6 Rxd6 27.Kh1 Rxe6 28.Qf2 Rh5 29.Nc5 Bxg2+
30.Qxg2 Qxc5 31.Rad1 Kc7 32.Rd5 Qc6 33.Rxa5 Qxg2+ 34.Kxg2 Rg5+ 35.Kf2 Rd6  1/2-1/2

[Event "21st Pobeskydi Distep Cup"]
[Site "Frydek-Mistek CZE"]
[Date "2010.04.01"]
[Round "1"]
[White "Toma,K"]
[Black "Jasny,S"]
[Result "0-1"]
[WhiteElo "2259"]
[BlackElo "2347"]

1.e4 c5 2.Nf3 e6 3.d4 cxd4 4.Nxd4 a6 5.Bd3 Bc5 6.Nb3 Ba7 7.Qg4 Nf6 8.Qg3 d6
9.Nc3 Nc6 10.O-O Ne5 11.Be3 b5 12.Rad1 b4 13.Ne2 Bxe3 14.Qxe3 O-O 15.h3 a5
16.f4 Nxd3 17.Rxd3 Ba6 18.Rd2 Qc7 19.Rfd1 a4 20.Nbd4 d5 21.exd5 Nxd5 22.Qf2 a3
23.b3 Rac8 24.f5 Nc3 25.Nxc3 bxc3 26.Rd3 Bxd3 27.Rxd3 Qe5 28.Qf3 Rfd8 29.Nc6 Qc5+  0-1

[Event "Easter Open"]
[Site "Medellin COL"]
[Date "2010.04.01"]
[Round "3"]
[White "Cuartas,Ja"]
[Black "Rios Parra,M"]
[Result "1/2-1/2"]
[WhiteElo "2521"]
[BlackElo "2300"]

1.e4 c5 2.Nf3 e6 3.d4 cxd4 4.Nxd4 a6 5.Bd3 Nc6 6.Nxc6 dxc6 7.O-O e5 8.Nd2 Bd6
9.Nc4 Nf6 10.Nxd6+ Qxd6 11.f4 O-O 12.Qe2 b5 13.a4 Bd7 14.f5 c5 15.c3 Bc6
16.Bg5 c4 17.Bc2 Bb7 18.Rad1 Qc6 19.Bxf6 Qxf6 20.Qe3 bxa4 21.Bxa4 Rab8 22.Rd2 Qh4
23.Bc2 Ba8 24.Bb1 Rfd8 25.Rfd1 h6 26.Rxd8+ Rxd8 27.Rxd8+ Qxd8 28.Qe2 Qg5  1/2-1/2

[Event "Easter Open"]
[Site "Medellin COL"]
[Date "2010.04.02"]
[Round "4"]
[White "Rios Parra,M"]
[Black "Chirivi C,Y"]
[Result "1/2-1/2"]
[WhiteElo "2300"]
[BlackElo "2195"]

1.e4 c5 2.Nf3 e6 3.d4 cxd4 4.Nxd4 a6 5.Bd3 Qc7 6.O-O Nf6 7.c4 b6 8.Qe2 d6
9.Nc3 Be7 10.Be3 Nbd7 11.Rac1 Bb7 12.f3 O-O 13.b3 Rfe8 14.Rfd1 Rac8 15.Qf2 Bf8
16.Bf1 Qb8 17.Kh1 d5 18.cxd5 exd5 19.exd5 Ba3 20.Rc2 Qe5 21.Bc1 Bb4 22.Nc6 Bxc6
23.dxc6 Rxc6 24.Nd5 Rxc2 25.Nxf6+ Nxf6 26.Qxc2 Bc5 27.Qd3 h6 28.g3 a5 29.Bf4 Qb2
30.Qd2 Qxd2 31.Rxd2 Bb4 32.Rd1 Rc8 33.Bc4 a4 34.Be3 axb3 35.axb3 Bc5 36.Bxc5 bxc5
37.Kg2  1/2-1/2

[Event "Easter Open"]
[Site "Medellin COL"]
[Date "2010.04.02"]
[Round "4"]
[White "Agudelo,C"]
[Black "Lopez R,J"]
[Result "1-0"]
[WhiteElo "2098"]
[BlackElo "1968"]

1.e4 c5 2.Nf3 e6 3.d4 cxd4 4.Nxd4 a6 5.Bd3 Qc7 6.O-O Nf6 7.Kh1 Nc6 8.Nb3 d5
9.Nc3 d4 10.Ne2 e5 11.f4 Bd6 12.f5 b5 13.Bd2 Bb7 14.Qe1 b4 15.Rc1 Qb6 16.c4 Nd7
17.Qg3 Rg8 18.f6 g6 19.Qh3 h5 20.Bg5 Bc5 21.Rb1 a5 22.a3 a4 23.axb4 Nxb4
24.Nd2 Nf8 25.Qg3 Ne6 26.h4 Bd6 27.Rfe1 Nc5 28.Nc1 Bc7 29.Bf1 Bc8 30.Nf3 Qe6
31.Nxd4 exd4 32.Qxc7 Nxe4 33.Nd3 Nc2 34.Nc5 Nf2+ 35.Kg1 Nxe1 36.Nxe6  1-0

[Event "Easter Open"]
[Site "Medellin COL"]
[Date "2010.04.02"]
[Round "5"]
[White "Echavarria,J"]
[Black "Tovio,I"]
[Result "1-0"]
[WhiteElo "2379"]
[BlackElo "2290"]

1.e4 c5 2.Nf3 e6 3.d4 cxd4 4.Nxd4 a6 5.Bd3 Nf6 6.O-O Qc7 7.Qe2 d6 8.f4 g6
9.f5 Bg7 10.fxe6 fxe6 11.Bc4 Qc5 12.Be3 Ng4 13.b4 Qh5 14.h3 Nxe3 15.Qxe3 Nc6
16.c3 Nxd4 17.cxd4 Bd7 18.Na3 Bh6 19.Qg3 Ke7 20.e5 dxe5 21.Rae1 Qg5 22.Qf3 Qf4
23.Qxb7 Qxd4+ 24.Kh1 Rab8 25.Qf3 Rhf8 26.Qb3 Rxf1+ 27.Rxf1 Qd2 28.Rd1 Qxb4
29.Qg3 Qa4 30.Bb3 Qe4 31.Nc4 Bb5 32.Nd6 Qf4 33.Qc3 Rf8 34.Qc7+ Kf6 35.Bc2 Kg5
36.Qe7+  1-0

[Event "Doeberl Cup"]
[Site "Canberra AUS"]
[Date "2010.04.03"]
[Round "6"]
[White "Toth,And1"]
[Black "Kunte,A"]
[Result "1/2-1/2"]
[WhiteElo "2385"]
[BlackElo "2528"]

1.e4 c5 2.Nf3 e6 3.d4 cxd4 4.Nxd4 a6 5.Bd3 Nf6 6.O-O Qc7 7.f4 Bc5 8.c3 d6
9.Kh1 e5 10.fxe5 dxe5 11.Nf5 Bxf5 12.Rxf5 Nbd7 13.Nd2 Be7 14.Bc2 O-O 15.Nf1 Nc5
16.Qf3 Rad8 17.Bg5 Ne8 18.Ne3 g6 19.Bxe7 Qxe7 20.Qg3 f6 21.Nd5 Qg7 22.Rf2 f5
23.Qe3 Nxe4 24.Bxe4 fxe4 25.Rxf8+ Qxf8 26.Qxe4 Qd6 27.c4 b5 28.b3 bxc4 29.bxc4 Nf6
30.Nxf6+ Qxf6 31.Rc1  1/2-1/2

[Event "ch-WLS"]
[Site "Cardiff WLS"]
[Date "2010.04.03"]
[Round "3"]
[White "Kett,T"]
[Black "Sands,D"]
[Result "1/2-1/2"]
[WhiteElo "2240"]
[BlackElo "2252"]

1.e4 c5 2.Nf3 e6 3.d4 cxd4 4.Nxd4 a6 5.Bd3 Bc5 6.Nb3 Be7 7.O-O d6 8.Nc3 Nf6
9.f4 Qc7 10.Qf3 Nc6 11.Be3 O-O 12.g4 Re8 13.g5 Nd7 14.Nd4 b5 15.Nxc6 Qxc6
16.Rf2 b4 17.Ne2 Bf8 18.h4 Bb7 19.Nd4 Qc7 20.f5 Ne5 21.Qg3 Nxd3 22.cxd3 e5
23.Rc1 Qd7 24.Nf3 Qb5 25.Rd2 Rac8 26.Rxc8 Rxc8 27.g6 fxg6 28.fxg6 hxg6 29.Qxg6 Qe8
30.Qg3 Qh5 31.Rg2 Re8 32.Qh3 Bc8 33.Qg3  1/2-1/2

[Event "Easter Open"]
[Site "Medellin COL"]
[Date "2010.04.03"]
[Round "7"]
[White "Arango,A"]
[Black "Lopez Idarraga,D"]
[Result "1-0"]
[WhiteElo "2146"]
[BlackElo "1992"]

1.e4 e6 2.Nf3 c5 3.d4 cxd4 4.Nxd4 a6 5.Bd3 Qc7 6.Qe2 Nc6 7.Nxc6 dxc6 8.e5 Bd7
9.O-O Ne7 10.f4 Ng6 11.Be3 Be7 12.a4 O-O 13.a5 c5 14.Nd2 Bc6 15.Qf2 Rac8
16.Bxg6 hxg6 17.Bxc5 Bxc5 18.Qxc5 Rfd8 19.Rfd1 Bb5 20.Qxc7 Rxc7 21.Ne4 Rxd1+
22.Rxd1 Rxc2 23.Rd8+  1-0

[Event "Najdorf Centenary Open"]
[Site "Buenos Aires ARG"]
[Date "2010.04.04"]
[Round "4"]
[White "Lopez,Ri"]
[Black "Elman,C"]
[Result "1/2-1/2"]
[WhiteElo "2114"]
[BlackElo "2158"]

1.e4 c5 2.Nf3 e6 3.d4 cxd4 4.Nxd4 a6 5.Bd3 Qc7 6.O-O Nf6 7.Qe2 d6 8.a4 Nc6
9.Nb3 b6 10.Nc3 Be7 11.f4 Bb7 12.Bd2 O-O 13.Rae1 Nd7 14.Qh5 g6 15.Qh3 Bf6
16.f5 Rfe8 17.Nd1 exf5 18.exf5 Nce5 19.Nc3 Bg7 20.Be4 d5 21.Bd3 Nf6 22.Nd4 Nxd3
23.cxd3 g5  1/2-1/2

[Event "14th Neckar-Open"]
[Site "Deizisau GER"]
[Date "2010.04.04"]
[Round "7"]
[White "Huschenbeth,N"]
[Black "Olszewski,Mi"]
[Result "0-1"]
[WhiteElo "2404"]
[BlackElo "2549"]

1.e4 c5 2.Nf3 e6 3.d4 cxd4 4.Nxd4 a6 5.Bd3 Bc5 6.Nb3 Be7 7.Be3 d6 8.N1d2 Nf6
9.f4 Nc6 10.Qf3 Qc7 11.O-O-O b5 12.g4 Bb7 13.g5 Nd7 14.Kb1 O-O 15.h4 a5 16.Nc1 a4
17.Ne2 a3 18.b3 Nb4 19.Bd4 e5 20.Bc3 Nxd3 21.cxd3 d5 22.Rc1 dxe4 23.Nxe4 Qd8
24.fxe5 b4 25.Bd4 Ra5 26.Qg3 Re8 27.Nf6+ Bxf6 28.gxf6 g6 29.Qf4 Raxe5 30.Bxe5 Nxe5
31.Rhd1 Nxd3 32.Rc4 Nxf4 33.Rxd8 Rxd8 34.Nxf4 Rd6 35.Rxb4 Rxf6 36.Nh5 Rf5
37.Ng3 Rf3 38.Nh5 Bc8 39.Rf4 Rc3 40.Nf6+ Kg7 41.Ne8+ Kf8 42.Nd6 Ba6  0-1

[Event "Easter Open"]
[Site "Medellin COL"]
[Date "2010.04.04"]
[Round "9"]
[White "Guerrero,JuC"]
[Black "Benitez Rodriguez,C"]
[Result "1-0"]
[WhiteElo "2275"]
[BlackElo "2066"]

1.e4 c5 2.Nf3 e6 3.d4 cxd4 4.Nxd4 a6 5.Bd3 Bc5 6.Nb3 Be7 7.Qg4 g6 8.Qe2 d6
9.Be3 Nd7 10.N1d2 Qc7 11.f4 Ngf6 12.g4 Nc5 13.g5 Nfd7 14.O-O-O b5 15.Kb1 Bb7
16.Rhf1 h6 17.gxh6 d5 18.Nxc5 Nxc5 19.Bxc5 Bxc5 20.f5 O-O-O 21.fxe6 fxe6
22.exd5 Bxd5 23.c4 bxc4 24.Bxc4 Rxh6 25.Bxd5 exd5 26.Nb3 Rxh2 27.Qxa6+ Kb8
28.Qb5+ Bb6 29.Rc1 Qb7 30.Rf7 Bc7 31.Qxb7+ Kxb7 32.Rcxc7+ Kb6 33.Nd4 Rd6
34.b4  1-0

[Event "Najdorf Centenary Open"]
[Site "Buenos Aires ARG"]
[Date "2010.04.05"]
[Round "8"]
[White "Alvarez,Alb"]
[Black "Calens,D"]
[Result "0-1"]
[WhiteElo "1970"]
[BlackElo "2108"]

1.e4 c5 2.Nf3 e6 3.d4 cxd4 4.Nxd4 a6 5.Bd3 g6 6.O-O Bg7 7.Be3 Nf6 8.c4 d6
9.Nc3 O-O 10.Rc1 Nbd7 11.h3 d5 12.cxd5 exd5 13.exd5 Nb6 14.d6 Nfd5 15.Ne4 Nxe3
16.fxe3 f5 17.Qb3+ Kh8 18.Nc5 Qxd6 19.Nde6 Bxe6 20.Nxe6 Rfc8 21.Ng5 Qd5 22.Rxc8+ Rxc8
23.Qxb6 Qxd3 24.Qe6 Qc4 25.b3 Qxe6 26.Nxe6 Bh6 27.Kf2 Bxe3+ 28.Ke2 Re8 29.Nc7 Re5
30.Kd3 f4 31.Re1 Kg7 32.b4 Kf7 33.a4 Ke7 34.Re2 Kd7 35.Rc2 Bb6 36.Na8 Bd8
37.Kd4 Re6 38.a5 Rc6 39.Rf2 g5 40.h4 h6 41.hxg5 hxg5 42.Ke5 Rc4 43.Rd2+ Ke7
44.Rb2 Rc8 45.Nb6 Bxb6 46.axb6 a5 47.Kf5 a4 48.Kxg5 Rc4 49.Kf5 Kd6 50.Rb1 Kc6
51.Ke5 Kb5 52.Kd5 Rxb4  0-1

[Event "Doeberl Cup"]
[Site "Canberra AUS"]
[Date "2010.04.05"]
[Round "9"]
[White "Dalton,S"]
[Black "Setiabudi,Allen"]
[Result "1-0"]
[WhiteElo "1962"]
[BlackElo "1877"]

1.e4 c5 2.Nf3 e6 3.d4 cxd4 4.Nxd4 a6 5.Bd3 Nc6 6.Nxc6 bxc6 7.O-O d6 8.c4 Nf6
9.Nc3 Be7 10.Qe2 e5 11.b3 O-O 12.Bb2 Bg4 13.f3 Be6 14.Rad1 Nh5 15.g3 Bh3
16.Rfe1 g6 17.Na4 Qc7 18.c5 dxc5 19.Bxa6 Ng7 20.Bc4 Ne6 21.Qe3 Nd4 22.g4 Bh4
23.Bxd4 cxd4 24.Qh6 g5 25.Re2 Rfd8 26.Qf6 d3 27.Red2 Rd7 28.Nc5 Qb6 29.b4 Ra5
30.Rxd3 Rxc5 31.Bxf7+ Kf8 32.Be6+ Ke8 33.Bxd7+  1-0

[Event "ch-WLS"]
[Site "Cardiff WLS"]
[Date "2010.04.05"]
[Round "7"]
[White "Jones,RS"]
[Black "Sands,D"]
[Result "1-0"]
[WhiteElo "2332"]
[BlackElo "2252"]

1.e4 c5 2.Nf3 e6 3.d4 cxd4 4.Nxd4 a6 5.Bd3 Bc5 6.Nb3 Be7 7.Qg4 g6 8.Qe2 d6
9.O-O Nd7 10.Na3 b6 11.Nc4 Bb7 12.Bd2 Ngf6 13.Bh6 Qc7 14.Rad1 d5 15.exd5 Nxd5
16.Be4 N7f6 17.Bf3 O-O-O 18.g3 Rhg8 19.Ne5 Bd6 20.c4 Bxe5 21.cxd5 Kb8 22.Rc1 Qd6
23.Rfd1 Nd7 24.Rc6 Qb4 25.Bd2 Qa4 26.Rxb6 Nxb6 27.Qxe5+ Ka7 28.Nc5 Qc2 29.Nxb7 Rd7
30.Be3 Rxb7 31.dxe6 fxe6 32.Bxb7 Kxb7 33.Qxe6 Qc6 34.Qxg8  1-0

[Event "17th TCh-RUS Higher League"]
[Site "Dagomys RUS"]
[Date "2010.04.05"]
[Round "4"]
[White "Ismagambetov,An"]
[Black "Ozolin,M"]
[Result "1/2-1/2"]
[WhiteElo "2508"]
[BlackElo "2383"]

1.e4 c5 2.Nf3 e6 3.d4 cxd4 4.Nxd4 a6 5.Bd3 Bc5 6.Nb3 Ba7 7.Qe2 Nc6 8.Be3 d6
9.N1d2 Nf6 10.O-O-O e5 11.f3 b5 12.Kb1 Be6 13.c4 Bxe3 14.Qxe3 O-O 15.Rc1 b4
16.c5 d5 17.Rhd1 Qb8 18.Qe2 Rd8 19.exd5 Nxd5 20.g3 Nde7 21.Bxa6 Qa7 22.Bc4 Nf5
23.a3 bxa3 24.Bxe6 axb2 25.Bxf7+ Kf8 26.Kxb2 Qa3+ 27.Kc3 Qb4+ 28.Kb2 Qa3+
29.Kc3 Qb4+ 30.Kb2 Qa3+  1/2-1/2

[Event "IV Open"]
[Site "La Laguna ESP"]
[Date "2010.04.10"]
[Round "8"]
[White "Cori,J"]
[Black "Barlov,D"]
[Result "1/2-1/2"]
[WhiteElo "2500"]
[BlackElo "2487"]

1.e4 c5 2.Nf3 e6 3.d4 cxd4 4.Nxd4 a6 5.Bd3 Nf6 6.O-O Qc7 7.Nb3 d6 8.Be3 b6
9.N1d2 Nc6 10.Qe2 Be7 11.a4 O-O 12.f4 Nb4 13.Nc4 Rb8 14.a5 bxa5 15.Ncxa5 e5
16.Kh1 Bg4 17.Qd2 Be6 18.f5 Bxb3 19.Nxb3 d5 20.exd5 e4 21.Bf4 Bd6 22.Bxd6 Qxd6
23.Be2 e3 24.Qd1 Ne4 25.c3 Nxd5 26.Rxa6 Qe5 27.Ra5 Rfd8 28.Kg1 Nf2 29.Qc2 Qc7
30.Rc5 Qe7 31.Rc4 Qg5 32.g3 Rbc8 33.Rd4 Nf6 34.Bf3 Rxd4 35.Nxd4 h5 36.Bg2 Re8
37.Re1 h4 38.Nf3 Qh6 39.Nxh4 Rd8 40.Qe2 N6g4 41.Nf3 Rd2 42.Qf1 Rxb2 43.Re2 Qb6
44.Nd4 Rb1 45.Re1 Rxe1 46.Qxe1 Qb2 47.Ne2 Qc2 48.h3 Ne5 49.Nd4 Qd2 50.Qe2 Qxc3
51.Nc2 Nc4 52.Bf1 Qe5 53.Qf3 Qc3 54.Qe2 Qe5 55.Qf3 e2 56.Bxe2 Nxh3+ 57.Kg2 Nd2
58.Qd3 Ne4 59.Qd8+ Kh7 60.Qh4+ Kg8 61.Qd8+ Kh7 62.Qh4+  1/2-1/2

[Event "TCh-ISR"]
[Site "Israel ISR"]
[Date "2010.04.16"]
[Round "5"]
[White "Shevelev,A"]
[Black "Postny,E"]
[Result "1/2-1/2"]
[WhiteElo "2295"]
[BlackElo "2648"]

1.e4 c5 2.Nf3 e6 3.d4 cxd4 4.Nxd4 a6 5.Bd3 Bc5 6.Nb3 Be7 7.c4 d6 8.Nc3 b6
9.O-O Nf6 10.Qe2 Bb7 11.f4 Nbd7 12.Bd2 O-O 13.Rae1 Rc8 14.Kh1 g6 15.Nd4 Kh8
16.Nf3 Re8 17.e5 Nh5 18.Be4 Nc5 19.Bxb7 Nxb7 20.Ne4 Ng7 21.Bc3 d5 22.cxd5 exd5
23.Neg5 Kg8 24.e6 f6 25.Nf7 Qc7 26.Nh6+ Kh8 27.Nf7+ Kg8 28.Nh6+ Kh8 29.Nf7+ Kg8  1/2-1/2

[Event "31st ch-BAN w"]
[Site "Narayanganj BAN"]
[Date "2010.04.28"]
[Round "5"]
[White "Hamid,R"]
[Black "Sultana,S"]
[Result "0-1"]
[WhiteElo "2033"]
[BlackElo "1980"]

1.e4 c5 2.Nf3 e6 3.d4 cxd4 4.Nxd4 a6 5.Bd3 Qc7 6.O-O Nf6 7.f4 Bc5 8.c3 d6
9.Kh1 Nc6 10.Nxc6 bxc6 11.Nd2 Bb7 12.Nc4 d5 13.exd5 cxd5 14.Ne5 O-O 15.Qe2 d4
16.c4 a5 17.Bd2 Bb4 18.Bxb4 axb4 19.Qd2 Qb6 20.Qe1 Ra5 21.Qh4 Rfa8 22.Ng4 Nxg4
23.Bxh7+ Kh8 24.Bg6+ Nh6 25.Bxf7 Bxg2+ 26.Kxg2 Qb7+ 27.Rf3 Qxf7 28.a3 Rf5
29.Raf1 bxa3 30.bxa3 Rf8 31.Qf2 e5 32.fxe5 Qb7 33.Qe2 Ng4 34.Kg3 Rxf3+ 35.Rxf3 Qxf3+
36.Qxf3 Rxf3+ 37.Kxf3 Nxe5+ 38.Ke4 d3 39.Ke3 Nxc4+ 40.Kxd3 Nxa3 41.Ke4 Kh7
42.Kf4 Kh6 43.Kg4 Nc4 44.Kh4 Ne5 45.Kg3 Kh5 46.Kh3 Nf3 47.Kg3 Ng5 48.Kg2 Kg4  0-1